书目信息 |
| 题名: |
彩铅完全自学入门教程
|
|
| 作者: | 韩冰 绘 | |
| 分册: | ||
| 出版信息: | 南京 江苏凤凰科学技术出版社 2019.4 |
|
| 页数: | 159页 | |
| 开本: | 26cm | |
| 丛书名: | 含章 | |
| 单 册: | ||
| 中图分类: | J214.1 | |
| 科图分类: | ||
| 主题词: | 水果--铅笔画--静物画--绘画技法--教材 | |
| 电子资源: | ||
| ISBN: | 978-7-5713-0219-1 | |
| 000 | 00941nam0 2200253 45 | |
| 001 | 012001006282 | |
| 005 | 20131016105822.0 | |
| 010 | @a978-7-5713-0219-1@dCNY49.80 | |
| 100 | @a20190508d2019 em y0chiy0110 ea | |
| 101 | 0 | @achi |
| 102 | @aCN@b320000 | |
| 105 | @ay z 000yy | |
| 106 | @ar | |
| 200 | 1 | @a彩铅完全自学入门教程@9cai qian wan quan zi xue ru men jiao cheng@f韩冰绘 |
| 210 | @a南京@c江苏凤凰科学技术出版社@d2019.4 | |
| 215 | @a159页@d26cm | |
| 225 | 2 | @a含章 |
| 330 | @a这是一本用彩铅画出缤纷水果的教材书,全书分为基础知识、24个实例详解,以及穿插的5个拓展小专栏。开篇的基础知识将彩铅的用法、色彩的基础知识、涂色技法、构图方式、线条的使用、起型的诀窍、光影的应用等以图文结合的形式讲解清楚,帮助读者轻松入门。 | |
| 410 | 0 | @12001 @a含章 |
| 606 | 0 | @a水果@x铅笔画@x静物画@x绘画技法@j教材 |
| 690 | @aJ214.1@v5 | |
| 701 | 0 | @a韩冰@9han bing@4绘 |
| 801 | 2 | @aCN@b上海新华@c20191020 |
| 905 | @b1099276-9@dJ214.1@e1040@f4 | |
| 彩铅完全自学入门教程/韩冰绘.-南京:江苏凤凰科学技术出版社,2019.4 |
| 159页;26cm.-(含章) |
| ISBN 978-7-5713-0219-1:CNY49.80 |
| 这是一本用彩铅画出缤纷水果的教材书,全书分为基础知识、24个实例详解,以及穿插的5个拓展小专栏。开篇的基础知识将彩铅的用法、色彩的基础知识、涂色技法、构图方式、线条的使用、起型的诀窍、光影的应用等以图文结合的形式讲解清楚,帮助读者轻松入门。 |
| ● |
| 相关链接 |
|
|
|
|
正题名:彩铅完全自学入门教程
索取号:J214.1/1040
 
预约/预借
| 序号 | 登录号 | 条形码 | 馆藏地/架位号 | 状态 | 备注 |
| 1 | 1099276 | 210992764 | 第一样本阅览室/ [索取号:J214.1/1040] | 在馆 | |
| 2 | 1099277 | 210992773 | 第一借阅区/ [索取号:J214.1/1040] | 在馆 | |
| 3 | 1099278 | 210992782 | 第一借阅区/ [索取号:J214.1/1040] | 在馆 | |
| 4 | 1099279 | 210992791 | 第一借阅区/ [索取号:J214.1/1040] | 在馆 |